| 000 | 00624nam a22001937a 4500 | ||
|---|---|---|---|
| 003 | KOHA_MİRAKIL | ||
| 005 | 20251224170620.0 | ||
| 008 | 251224b tu ||||| |||| 00| 0 tur d | ||
| 020 | _a9786051365794 | ||
| 040 |
_aTR-AnABB _btur _cTR-AnABB |
||
| 041 | _atur | ||
| 082 |
_a297.7 _bSOS 2022 |
||
| 100 | 1 | _aHaksever, Ahmet Cahid, | |
| 245 | 1 | 0 |
_aSosyal bilimlerde disiplinlerarası çalışmanın imkânı: tasavvuf örneği 4 / _cAhmet Cahid Haksever |
| 260 |
_aAnkara : _bAnkara Üniversitesi Yayınları, _c2022 |
||
| 300 |
_a653 sayfa ; _c24 cm |
||
| 650 | 0 | 4 | _aTasavvuf ve diğer bilimler |
| 942 |
_2ddc _cBK |
||
| 999 |
_c9980 _d9980 |
||
| 900 | _bGizem YORULMAZ | ||